| 000 | 01784cam a2200505 a 4500 | ||
|---|---|---|---|
| 001 | 20436 | ||
| 003 | VRT | ||
| 005 | 20260122140428.0 | ||
| 008 | 240226s1999 xo jr 000 f slo | ||
| 015 | _aSNBA2004/03-02105 | ||
| 020 | _a8088834406 | ||
| 035 | _aSNK000406188 | ||
| 035 | _aurn:nbn:sk:snk-am3iwjm | ||
| 035 | _a5B3254C9-33E3-4699-9864-B6B36538BC66 | ||
| 035 | _aurn:nbn:sk:snk-am00g5xb | ||
| 039 | 9 |
_a202402261500 _bVLOAD _c202205120806 _dVLOAD _c202203230805 _dmsnk115 _c202201070905 _dVLOAD |
|
| 040 |
_aSNK _bslo _aSNK _eAACR2 |
||
| 041 | 1 |
_aslo _heng |
|
| 044 |
_axo _cSK |
||
| 072 | 7 |
_a821.111-3 _xAnglická próza, anglicky písaná _2konspekt |
|
| 080 |
_a821.111-31 _22011 |
||
| 080 |
_a(0:82-311.3) _22011 |
||
| 080 |
_a(082.24) _22011 |
||
| 100 | 1 |
_aDefoe, Daniel, _dasi 1661-1731 _4aut |
|
| 245 | 1 | 0 |
_aRobinson Crusoe _búryvky _cDaniel Defoe ; preložil: Alfonz Bednár |
| 250 | _a[1. vydanie] | ||
| 260 |
_aRohovce _bInterpopulart Slovakia _c[1999] |
||
| 300 |
_a129 strán _c21 cm |
||
| 490 | 1 | _aPopulart. Klasicistická literatúra | |
| 490 | 1 |
_aŠtudentská knižnica _v41. |
|
| 500 | _aPravdepodobne preložené z angličtiny | ||
| 655 | 7 |
_aanglické romány _2SNKPH |
|
| 655 | 7 |
_adobrodružné romány _2SNKPH |
|
| 655 | 7 |
_aliteratúra pre deti a mládež _2SNKPH |
|
| 655 | 7 |
_aúryvky _2SNKPH |
|
| 700 | 1 |
_aBednár, Alfonz, _d1914-1989 _4trl |
|
| 830 | 0 |
_aPopulart _pKlasicistická literatúra |
|
| 830 | 0 | _aŠtudentská knižnica | |
| 910 | _asnk | ||
| 942 |
_2ddc _cKLDO _n0 |
||
| 949 |
_6270001000046733 _asvkbbA 94682 _p612.596 |
||
| 949 |
_6270001000054330 _asvkbbA 94682 _p612.595 |
||
| 949 |
_6270001000066140 _asvkbbA 94682 _p613.249 |
||
| 949 |
_617A0378281 _9P60, <03>, [BOOK], {603} _asnkSC 111076 _bsnkKSP 3864/2003 _s6100:20210419 |
||
| 999 |
_c20436 _d20436 |
||